[Event "FICGS no engines 122 email"]
[Site "FICGS email"]
[Date "2022.07.17"]
[Round "1"]
[White "Hase, Pavel"]
[Black "Kruse, Herbert"]
[Result "0-1"]
[WhiteElo "2275"]
[BlackElo "2493"]
[PlyCount "54"]
[EventDate "2022.??.??"]
[EventType "swiss (corr)"]
[EventRounds "1"]
[SourceTitle "Corr 2024"]
[Source "ChessBase"]
[SourceDate "2023.10.19"]
[SourceVersion "1"]
[SourceVersionDate "2023.10.19"]
[SourceQuality "1"]

1. e4 c5 2. Nf3 d6 3. d4 cxd4 4. Nxd4 Nf6 5. Nc3 a6 6. Bg5 Nbd7 7. Qd2 b5 8. a3 Bb7 9. f3 e6 10. g4 Be7 11. Be3 h6 12. Be2 d5 13. exd5 Nxd5 14. Nxd5 Bxd5 15. Nf5 Bf6 16. Nd6+ Ke7 17. Nf5+ exf5 18. Qxd5 Bxb2 19. Rd1 Bxa3 20. 0-0 Qc7 21. Qxf5 Rhd8 22. g5 hxg5 23. Bxg5+ f6 24. Be3 Ne5 25. Bd3 Bc5 26. Rfe1 Kf8 27. Qh7 Nxf3+ 0-1

[Event "CZE-ch Betsys Online Blitz"]
[Site "Chess.com INT"]
[Date "2021.04.17"]
[Round "4"]
[White "Balacek, Tadeas"]
[Black "Hase, Pavel"]
[Result "0-1"]
[WhiteElo "2356"]
[BlackElo "2076"]
[PlyCount "132"]
[EventDate "2021.04.17"]
[EventType "swiss (blitz)"]
[EventRounds "13"]
[EventCountry "CZE"]
[SourceTitle "CBM 201 Extra"]
[Source "ChessBase"]
[SourceDate "2021.05.31"]
[SourceVersion "1"]
[SourceVersionDate "2021.05.31"]
[SourceQuality "1"]

1. d4 d5 2. Nf3 Nc6 3. e3 Bg4 4. Bb5 Qd7 5. h3 Bxf3 6. Qxf3 f6 7. c4 e6 8. Nc3 Bb4 9. 0-0 Nge7 10. Bd2 Bxc3 11. Bxc3 a6 12. cxd5 Qxd5 13. Be2 Qxf3 14. Bxf3 Kf7 15. Rac1 Rhd8 16. a3 Rd7 17. Rc2 Rb8 18. Rfc1 g6 19. Kf1 h5 20. Ke2 h4 21. Bd2 f5 22. g3 hxg3 23. fxg3 Rh8 24. h4 Kf6 25. Kf2 Nd5 26. Rh1 Rdh7 27. Rcc1 Ke7 28. Kg2 Kd6 29. b3 Nce7 30. a4 c6 31. Rce1 Ng8 32. e4 Nc7 33. Bf4+ Kd7 34. Be5 Ne7 35. Bxh8 Rxh8 36. exf5 Nxf5 37. Bg4 Nxd4 38. Rhf1 Ke7 39. Re5 Nd5 40. Rfe1 Nf6 41. Bxe6 Kd6 42. Bc4 Nd5 43. Rg5 Kc5 44. Bxd5 cxd5 45. Rxg6 Nxb3 46. Rg5 Kc4 47. h5 d4 48. Rg4 Kc3 49. Rh4 d3 50. Kf3 d2 51. Rg1 Rf8+ 52. Ke4 Re8+ 53. Kf3 Kc2 54. Rh2 Nd4+ 55. Kf4 Re1 56. Rxe1 Ne6+ 57. Kf5 Kc3 58. Kg6 dxe1Q 59. Rh4 Qxg3+ 60. Kf5 Qxh4 61. Kxe6 Qxh5 62. Kd7 Kb4 63. Kc7 Kxa4 64. Kxb7 a5 65. Ka6 Kb4 66. Kb7 Qg6 0-1

[Event "CZE-ch Betsys Online Blitz"]
[Site "Chess.com INT"]
[Date "2021.04.17"]
[Round "9"]
[White "Hase, Pavel"]
[Black "Sochorova, Petra"]
[Result "0-1"]
[WhiteElo "2076"]
[BlackElo "2045"]
[PlyCount "64"]
[EventDate "2021.04.17"]
[EventType "swiss (blitz)"]
[EventRounds "13"]
[EventCountry "CZE"]
[SourceTitle "CBM 201 Extra"]
[Source "ChessBase"]
[SourceDate "2021.05.31"]
[SourceVersion "1"]
[SourceVersionDate "2021.05.31"]
[SourceQuality "1"]

1. e4 e5 2. f4 exf4 3. Nc3 d5 4. Nxd5 Qh4+ 5. Ke2 Bd6 6. Nf3 Bg4 7. d4 c6 8. Nxf4 Bxf3+ 9. Kxf3 Nf6 10. Bd3 Qg4+ 11. Kf2 Bxf4 12. Qxg4 Nxg4+ 13. Kf3 Bxc1 14. Raxc1 Nf6 15. c4 c5 16. d5 Nbd7 17. Kf4 0-0 18. e5 Nh5+ 19. Kg5 Nxe5 20. Bxh7+ Kxh7 21. Kxh5 f6 22. Kh4 Rfe8 23. Kg3 Nd3 24. Rc2 Re3+ 25. Kg4 Rae8 26. g3 R8e4+ 27. Kh3 Re2 28. Rxe2 Rxe2 29. Rd1 Nf2+ 30. Kh4 Re4+ 31. g4 Rxg4+ 32. Kh5 g6# 0-1

[Event "CZE-ch Betsys Online Blitz"]
[Site "Chess.com INT"]
[Date "2021.04.17"]
[Round "2"]
[White "Hase, Pavel"]
[Black "Valenz, Miroslav"]
[Result "1-0"]
[WhiteElo "2076"]
[BlackElo "2048"]
[PlyCount "97"]
[EventDate "2021.04.17"]
[EventType "swiss (blitz)"]
[EventRounds "13"]
[EventCountry "CZE"]
[SourceTitle "CBM 201 Extra"]
[Source "ChessBase"]
[SourceDate "2021.05.31"]
[SourceVersion "1"]
[SourceVersionDate "2021.05.31"]
[SourceQuality "1"]

1. e4 c5 2. Nf3 Nc6 3. d4 cxd4 4. Nxd4 Nf6 5. Nc3 e6 6. Ndb5 Bb4 7. a3 Bxc3+ 8. Nxc3 d5 9. exd5 exd5 10. Nb5 0-0 11. Be2 a6 12. Nd4 Qb6 13. c3 Nxd4 14. Qxd4 Qxd4 15. cxd4 Bf5 16. Bg5 Ne4 17. Be3 Rac8 18. f3 Nd6 19. Kd2 Nc4+ 20. Bxc4 dxc4 21. Kc3 b5 22. Rhe1 Rfe8 23. Bf4 f6 24. Bd6 Kf7 25. g4 Bd7 26. Bc5 Bc6 27. f4 Rxe1 28. Rxe1 Re8 29. Rxe8 Kxe8 30. Kb4 Kd7 31. Ka5 Bb7 32. Kb6 Bc8 33. Bf8 g6 34. g5 fxg5 35. fxg5 Ke6 36. Kc7 Bd7 37. Kb7 Kd5 38. Bg7 Ke4 39. Kxa6 Kd3 40. Kb6 Kc2 41. d5 Kd3 42. Kc7 Bf5 43. d6 Ke4 44. d7 Bxd7 45. Kxd7 Kf4 46. Bh6 Kf5 47. h4 Kg4 48. Kd6 Kxh4 49. Kc5 1-0

[Event "FICGS no engines 00 email"]
[Site "FICGS email"]
[Date "2017.12.19"]
[Round "1"]
[White "Senis, Enrico"]
[Black "Hase, Pavel"]
[Result "0-1"]
[WhiteElo "1800"]
[BlackElo "2275"]
[PlyCount "82"]
[EventDate "2017.??.??"]
[EventType "swiss (corr)"]
[EventRounds "1"]
[SourceTitle "Corr 2022"]
[Source "ChessBase"]
[SourceDate "2021.10.24"]
[SourceVersion "1"]
[SourceVersionDate "2021.10.24"]
[SourceQuality "1"]

1. d4 d5 2. Nf3 Nc6 3. c3 Bg4 4. Bf4 f6 5. e3 e5 6. dxe5 fxe5 7. Bg3 e4 8. h3 Bh5 9. Bh4 Bxf3 10. Bxd8 Bxd1 11. Bxc7 Bh5 12. Bb5 Kd7 13. Bg3 Bd6 14. Nd2 Nge7 15. Bh4 Nf5 16. Bg5 h6 17. Bf4 Bxf4 18. exf4 Nd6 19. Ba4 b5 20. Bb3 Bf7 21. 0-0-0 Kc7 22. Rhe1 Nc4 23. Nxc4 bxc4 24. Bc2 Rhe8 25. g4 Re7 26. b3 cxb3 27. Bxb3 Rd8 28. f5 Ne5 29. Rd2 Nf3 30. Rde2 Nxe1 31. Rxe1 Be8 32. Rd1 Bc6 33. a4 a5 34. Kc2 e3 35. fxe3 Rxe3 36. h4 Rg3 37. Rd4 Rd7 38. h5 Kb6 39. Kd2 Kc5 40. Bc2 Re7 41. Bd1 Ree3 0-1

[Event "FICGS no engines 00 email"]
[Site "FICGS email"]
[Date "2014.09.16"]
[Round "1"]
[White "Souza, Paulo"]
[Black "Hase, Pavel"]
[Result "0-1"]
[WhiteElo "1800"]
[BlackElo "2275"]
[PlyCount "54"]
[EventDate "2014.??.??"]
[EventType "swiss (corr)"]
[EventRounds "1"]
[SourceTitle "Corr 2022"]
[Source "ChessBase"]
[SourceDate "2021.10.24"]
[SourceVersion "1"]
[SourceVersionDate "2021.10.24"]
[SourceQuality "1"]

1. e4 c5 2. Nf3 d6 3. b3 Nc6 4. Bb2 Nf6 5. d3 e5 6. Nbd2 Be7 7. Be2 0-0 8. 0-0 Bg4 9. c3 d5 10. Re1 d4 11. Nc4 Bxf3 12. Bxf3 b5 13. Nd2 Qd7 14. c4 b4 15. Nf1 Rfe8 16. Ng3 a5 17. Nf5 Bf8 18. h3 Ne7 19. Bg4 Qc6 20. Bc1 a4 21. Bg5 Nxf5 22. Bxf5 Ra6 23. Bxf6 Qxf6 24. bxa4 Qc6 25. Qg4 Ra7 26. Reb1 g6 27. a3 Bg7 0-1

[Event "FICGS no engines 00 email"]
[Site "FICGS email"]
[Date "2013.09.01"]
[Round "1"]
[White "Hase, Pavel"]
[Black "Hilbert, Stephan"]
[Result "1-0"]
[WhiteElo "2316"]
[BlackElo "1800"]
[PlyCount "97"]
[EventDate "2013.??.??"]
[EventType "swiss (corr)"]
[EventRounds "1"]
[SourceTitle "Corr 2022"]
[Source "ChessBase"]
[SourceDate "2021.10.24"]
[SourceVersion "1"]
[SourceVersionDate "2021.10.24"]
[SourceQuality "1"]

1. e4 d5 2. exd5 Qxd5 3. Nc3 Qa5 4. d4 Nf6 5. Bd2 c6 6. Ne4 Qc7 7. Nxf6+ gxf6 8. g3 Qb6 9. Bc3 Bf5 10. Bg2 Nd7 11. Ne2 0-0-0 12. 0-0 h5 13. Qd2 Bh6 14. Qd1 Nc5 15. dxc5 Rxd1 16. cxb6 Rxf1+ 17. Bxf1 axb6 18. Nd4 Bd7 19. Bd3 e6 20. h4 Rg8 21. Be2 c5 22. Nb5 e5 23. Rd1 Bf4 24. Kg2 Bc6+ 25. Kh2 Bh6 26. Nd6+ Kc7 27. Bxh5 Ra8 28. a3 Ra4 29. Nf5 Bf8 30. Bxf7 Bf3 31. Rd2 Be4 32. Bb3 Ra8 33. Ne3 b5 34. Bd5 Bg6 35. Ng4 Be7 36. Be6 Bd6 37. Nxf6 e4 38. Nd5+ Kc6 39. Ne3 b4 40. axb4 cxb4 41. Bd5+ Kc7 42. Bf6 Rf8 43. Bg5 Rf3 44. Kg2 Bc5 45. Bf4+ Kb6 46. Be6 Bxe3 47. fxe3 Bh5 48. Bf5 Kc5 49. Bxe4 1-0

[Event "FICGS W-ch final email"]
[Site "FICGS email"]
[Date "2013.03.24"]
[Round "1"]
[White "Hase, Pavel"]
[Black "Fric, Lubos"]
[Result "1/2-1/2"]
[WhiteElo "2329"]
[BlackElo "2322"]
[PlyCount "87"]
[EventDate "2013.??.??"]
[EventType "tourn (corr)"]
[EventRounds "6"]
[EventCategory "5"]
[SourceTitle "Corr 2022"]
[Source "ChessBase"]
[SourceDate "2021.10.24"]
[SourceVersion "1"]
[SourceVersionDate "2021.10.24"]
[SourceQuality "1"]

1. e4 c5 2. Nf3 d6 3. d4 cxd4 4. Nxd4 Nf6 5. Nc3 a6 6. Bg5 e6 7. f4 Qb6 8. Nb3 Nbd7 9. Qf3 Qc7 10. Bd3 Be7 11. a4 h6 12. Qh3 Nc5 13. Nxc5 Qxc5 14. Bh4 Bd7 15. Bf2 Qb4 16. 0-0 Qxb2 17. Ne2 e5 18. Qf3 Bg4 19. Qe3 0-0 20. Qd2 Bxe2 21. Rfb1 Bxd3 22. Rxb2 Bxe4 23. Re1 Bc6 24. Qd3 Nd5 25. g3 Bf6 26. fxe5 Bxe5 27. Bd4 Rfe8 28. Bxe5 dxe5 29. c4 Nf6 30. a5 e4 31. Qd1 Nh7 32. h4 Nf6 33. Rd2 h5 34. Rd4 Ng4 35. Rd5 g6 36. Rd4 e3 37. Qb3 e2 38. Qb6 Re5 39. Rd8+ Rxd8 40. Qxd8+ Re8 41. Qd2 Ne5 42. Kf2 Nf3 43. Qd3 Nxe1 44. Kxe1 1/2-1/2

[Event "FICGS W-ch final email"]
[Site "FICGS email"]
[Date "2013.03.24"]
[Round "1"]
[White "Hase, Pavel"]
[Black "Legrand, Stephane"]
[Result "0-1"]
[WhiteElo "2329"]
[BlackElo "2303"]
[PlyCount "114"]
[EventDate "2013.??.??"]
[EventType "tourn (corr)"]
[EventRounds "6"]
[EventCategory "5"]
[SourceTitle "Corr 2022"]
[Source "ChessBase"]
[SourceDate "2021.10.24"]
[SourceVersion "1"]
[SourceVersionDate "2021.10.24"]
[SourceQuality "1"]

1. e4 c5 2. Nf3 d6 3. d4 cxd4 4. Nxd4 Nf6 5. Nc3 a6 6. Bg5 e6 7. f4 Qb6 8. a3 Nbd7 9. Bh4 e5 10. Nf3 Be7 11. Bf2 Qc7 12. Bd3 0-0 13. Qd2 b5 14. 0-0 Bb7 15. Rae1 Rfe8 16. Nh4 g6 17. f5 Rac8 18. Kh1 Nh5 19. Nf3 Ndf6 20. Bh4 Qd7 21. fxg6 hxg6 22. h3 Kg7 23. Kg1 Bd8 24. Qf2 Nf4 25. Ne2 N6h5 26. Nxf4 Nxf4 27. Bxd8 Rcxd8 28. Nh4 Rh8 29. Qg3 Rh5 30. Nf5+ Kh8 31. Nh4 Qe7 32. Nf3 Kg7 33. Rf2 f6 34. Kh2 Rdh8 35. Bf1 g5 36. Nd4 exd4 37. Rxf4 Rh4 38. Rxh4 Rxh4 39. Bd3 Rf4 40. c3 dxc3 41. bxc3 Qe5 42. Re3 Kf8 43. c4 bxc4 44. Bxc4 Rxe4 45. Rc3 d5 46. Bb3 d4 47. Qxe5 Rxe5 48. Rc7 Re7 49. Rc2 d3 50. Rf2 Kg7 51. Bc4 Be4 52. Bxa6 Ra7 53. Bc4 Rxa3 54. Rd2 Rc3 55. Bb5 f5 56. Ba4 Kf6 57. Kg3 Rc2 0-1

[Event "FICGS W-ch final email"]
[Site "FICGS email"]
[Date "2013.03.24"]
[Round "1"]
[White "Zeman, Martin"]
[Black "Hase, Pavel"]
[Result "0-1"]
[WhiteElo "2308"]
[BlackElo "2329"]
[PlyCount "44"]
[EventDate "2013.??.??"]
[EventType "tourn (corr)"]
[EventRounds "6"]
[EventCategory "5"]
[SourceTitle "Corr 2022"]
[Source "ChessBase"]
[SourceDate "2021.10.24"]
[SourceVersion "1"]
[SourceVersionDate "2021.10.24"]
[SourceQuality "1"]

1. e4 e5 2. Nf3 Nc6 3. Bb5 a6 4. Ba4 Nf6 5. 0-0 Be7 6. Re1 b5 7. Bb3 0-0 8. c3 d6 9. h3 Nb8 10. d3 Nbd7 11. Nbd2 c5 12. Nf1 Nb6 13. a4 c4 14. a5 cxb3 15. axb6 Qxb6 16. Qxb3 Be6 17. Qc2 a5 18. d4 a4 19. dxe5 dxe5 20. Nxe5 b4 21. Be3 Qb7 22. Nd2 b3 0-1

[Event "FICGS no engines 00 email"]
[Site "FICGS email"]
[Date "2013.01.21"]
[Round "1"]
[White "Hase, Pavel"]
[Black "Bain, Mathieu"]
[Result "1-0"]
[WhiteElo "2329"]
[BlackElo "1557"]
[PlyCount "93"]
[EventDate "2013.??.??"]
[EventType "swiss (corr)"]
[EventRounds "1"]
[SourceTitle "Corr 2022"]
[Source "ChessBase"]
[SourceDate "2021.10.24"]
[SourceVersion "1"]
[SourceVersionDate "2021.10.24"]
[SourceQuality "1"]

1. e4 e5 2. f4 Nc6 3. Nf3 Bc5 4. Nc3 d6 5. Bc4 exf4 6. d4 Bxd4 7. Nxd4 Qh4+ 8. Kf1 Bh3 9. Nxc6 bxc6 10. Qf3 Be6 11. Bxe6 fxe6 12. Bxf4 Nf6 13. Qg3 Qxg3 14. Bxg3 0-0 15. Ke2 Rab8 16. b3 c5 17. Rhf1 c4 18. h3 Rf7 19. Rf3 d5 20. e5 Nh5 21. Bh2 Rxf3 22. Kxf3 Rf8+ 23. Ke3 c5 24. Kd2 Rf2+ 25. Ne2 Rxg2 26. Rh1 cxb3 27. axb3 a6 28. Ke1 Rg5 29. Rf1 g6 30. Nc1 Ng7 31. Nd3 c4 32. Nc5 Nf5 33. Nxe6 Rg2 34. Rf2 Rxf2 35. Kxf2 Kf7 36. Nc7 Nd4 37. Nxd5 Nxc2 38. bxc4 a5 39. Nc3 Ke6 40. Ke2 Nd4+ 41. Ke3 Nc2+ 42. Ke4 h5 43. Nb5 Kd7 44. Bg3 Nb4 45. Be1 Nc2 46. Bxa5 g5 47. Kd3 1-0

[Event "FICGS no engines 00 email"]
[Site "FICGS email"]
[Date "2013.01.21"]
[Round "1"]
[White "Hase, Pavel"]
[Black "Trigance, Emile"]
[Result "1-0"]
[WhiteElo "2329"]
[BlackElo "1600"]
[PlyCount "79"]
[EventDate "2013.??.??"]
[EventType "swiss (corr)"]
[EventRounds "1"]
[SourceTitle "Corr 2022"]
[Source "ChessBase"]
[SourceDate "2021.10.24"]
[SourceVersion "1"]
[SourceVersionDate "2021.10.24"]
[SourceQuality "1"]

1. e4 c5 2. Nf3 Nc6 3. d4 cxd4 4. Nxd4 Nf6 5. Nc3 e5 6. Ndb5 d6 7. a4 a6 8. Na3 d5 9. exd5 Nd4 10. Bg5 Be7 11. Bxf6 Bxf6 12. Bc4 0-0 13. 0-0 Qb6 14. Rb1 Re8 15. Ne4 Be7 16. c3 Bf5 17. Re1 Bxe4 18. Rxe4 Nf5 19. Rxe5 Nd6 20. Ba2 Bf6 21. Rxe8+ Rxe8 22. Qf3 h6 23. Nc4 Nxc4 24. Bxc4 Qc5 25. Qd3 Rc8 26. Ba2 Qd6 27. g3 Re8 28. b4 Qe5 29. c4 Qh5 30. Rd1 Re2 31. Rd2 Rxd2 32. Qxd2 Qf5 33. d6 Qd7 34. Bb3 Be5 35. c5 g5 36. Qd5 Bc3 37. b5 axb5 38. axb5 Bb4 39. c6 bxc6 40. bxc6 1-0

[Event "FICGS no engines 00 email"]
[Site "FICGS email"]
[Date "2012.11.13"]
[Round "1"]
[White "Hase, Pavel"]
[Black "Cridland, Graham M"]
[Result "0-1"]
[WhiteElo "2329"]
[BlackElo "1600"]
[PlyCount "76"]
[EventDate "2012.??.??"]
[EventType "swiss (corr)"]
[EventRounds "1"]
[SourceTitle "Corr 2022"]
[Source "ChessBase"]
[SourceDate "2021.10.24"]
[SourceVersion "1"]
[SourceVersionDate "2021.10.24"]
[SourceQuality "1"]

1. e4 c5 2. Nf3 d6 3. d4 cxd4 4. Nxd4 Nf6 5. Nc3 g6 6. Be3 Bg7 7. f3 0-0 8. Qd2 Nc6 9. g4 Bd7 10. 0-0-0 Qa5 11. Kb1 Rfc8 12. h4 Ne5 13. h5 Rxc3 14. Qxc3 Qxc3 15. bxc3 Rc8 16. hxg6 hxg6 17. Bd2 Nc4 18. Bc1 Ne5 19. c4 a6 20. Be2 Nxc4 21. Bxc4 Rxc4 22. Be3 Ba4 23. Nb3 Nd7 24. Rd3 Ne5 25. Rd4 Rc3 26. Rxa4 Rxe3 27. Nd2 Nxf3 28. Nxf3 Rxf3 29. Rg1 Rc3 30. Rb4 b5 31. a4 Ra3 32. Kc1 Ra1+ 33. Rb1 Rxa4 34. Re1 Rc4 35. Rb3 b4 36. Re2 a5 37. Rd3 a4 38. Rd5 a3 0-1

[Event "FICGS no engines 00 email"]
[Site "FICGS email"]
[Date "2012.11.13"]
[Round "1"]
[White "Malish, Dmitriy"]
[Black "Hase, Pavel"]
[Result "0-1"]
[WhiteElo "1146"]
[BlackElo "2329"]
[PlyCount "28"]
[EventDate "2012.??.??"]
[EventType "swiss (corr)"]
[EventRounds "1"]
[SourceTitle "Corr 2022"]
[Source "ChessBase"]
[SourceDate "2021.10.24"]
[SourceVersion "1"]
[SourceVersionDate "2021.10.24"]
[SourceQuality "1"]

1. e4 Nf6 2. e5 Nd5 3. d4 d6 4. c4 Nb6 5. exd6 cxd6 6. Nf3 g6 7. Nc3 Bg7 8. Bd3 0-0 9. 0-0 Bg4 10. b3 Nc6 11. Re1 e5 12. dxe5 dxe5 13. h3 Bxf3 14. Qxf3 f5 0-1

[Event "FICGS theme 0001 email"]
[Site "FICGS email"]
[Date "2012.10.05"]
[Round "1"]
[White "Bakhmatov, Andrey"]
[Black "Hase, Pavel"]
[Result "1/2-1/2"]
[WhiteElo "2131"]
[BlackElo "2344"]
[PlyCount "45"]
[EventDate "2012.??.??"]
[EventType "swiss (corr)"]
[EventRounds "1"]
[SourceTitle "Corr 2022"]
[Source "ChessBase"]
[SourceDate "2021.10.24"]
[SourceVersion "1"]
[SourceVersionDate "2021.10.24"]
[SourceQuality "1"]

1. e4 e5 2. Nf3 Nc6 3. Bb5 f5 4. Nc3 fxe4 5. Nxe4 d5 6. Nxe5 dxe4 7. Nxc6 Qg5 8. Qe2 Nf6 9. Nxa7+ Bd7 10. Bxd7+ Nxd7 11. f4 Qf5 12. Nb5 0-0-0 13. a4 Bc5 14. a5 c6 15. Nc3 Rhe8 16. g3 Kc7 17. Nd1 g5 18. Ne3 Qe6 19. Qg4 Qxg4 20. Nxg4 gxf4 21. gxf4 Rg8 22. h3 h5 23. b4 1/2-1/2

[Event "FICGS theme 0001 email"]
[Site "FICGS email"]
[Date "2012.10.05"]
[Round "1"]
[White "Hase, Pavel"]
[Black "Bhandarkar, Dinesh"]
[Result "1-0"]
[WhiteElo "2344"]
[BlackElo "1707"]
[PlyCount "37"]
[EventDate "2012.??.??"]
[EventType "swiss (corr)"]
[EventRounds "1"]
[SourceTitle "Corr 2022"]
[Source "ChessBase"]
[SourceDate "2021.10.24"]
[SourceVersion "1"]
[SourceVersionDate "2021.10.24"]
[SourceQuality "1"]

1. e4 e5 2. Nf3 Nc6 3. Bb5 f5 4. Nc3 fxe4 5. Nxe4 d5 6. Nxe5 dxe4 7. Nxc6 bxc6 8. Bxc6+ Bd7 9. Qh5+ g6 10. Qe5+ Kf7 11. Bd5+ Be6 12. Qxe6+ Kg7 13. Qf7+ Kh6 14. d4+ Kh5 15. Bxe4 Nf6 16. Bf3+ Ng4 17. Bxg4+ Kxg4 18. Qf3+ Kh4 19. Qh3# 1-0

[Event "FICGS no engines 00 email"]
[Site "FICGS email"]
[Date "2012.03.30"]
[Round "1"]
[White "Hase, Pavel"]
[Black "Cross, Ryan"]
[Result "1-0"]
[WhiteElo "2344"]
[BlackElo "1249"]
[PlyCount "33"]
[EventDate "2012.??.??"]
[EventType "swiss (corr)"]
[EventRounds "1"]
[SourceTitle "Corr 2022"]
[Source "ChessBase"]
[SourceDate "2021.10.24"]
[SourceVersion "1"]
[SourceVersionDate "2021.10.24"]
[SourceQuality "1"]

1. d4 d5 2. Nc3 c6 3. Bf4 Nd7 4. f3 Ngf6 5. e4 g6 6. Qd2 Bg7 7. Bh6 0-0 8. e5 Ne8 9. h4 Qa5 10. h5 Nb6 11. 0-0-0 Nc4 12. Bxc4 dxc4 13. Nge2 Nc7 14. hxg6 fxg6 15. Bxg7 Kxg7 16. Qh6+ Kg8 17. Qxh7# 1-0

[Event "FICGS no engines 00 email"]
[Site "FICGS email"]
[Date "2012.03.30"]
[Round "1"]
[White "Rodriguez, Juan Antonio"]
[Black "Hase, Pavel"]
[Result "1-0"]
[WhiteElo "1800"]
[BlackElo "2344"]
[PlyCount "51"]
[EventDate "2012.??.??"]
[EventType "swiss (corr)"]
[EventRounds "1"]
[SourceTitle "Corr 2022"]
[Source "ChessBase"]
[SourceDate "2021.10.24"]
[SourceVersion "1"]
[SourceVersionDate "2021.10.24"]
[SourceQuality "1"]

1. e4 d6 2. Nf3 Nf6 3. Nc3 c5 4. d4 cxd4 5. Nxd4 a6 6. Be2 e5 7. Nb3 Be7 8. 0-0 0-0 9. Be3 Qc7 10. f3 b5 11. a3 Bb7 12. Qd2 Nbd7 13. Rfd1 Nc5 14. Rac1 Rac8 15. Qe1 Rfd8 16. Qf2 d5 17. exd5 Nxd5 18. Nxd5 Rxd5 19. Nxc5 Bxc5 20. Rxd5 Bxd5 21. Bxc5 Qxc5 22. Qxc5 Rxc5 23. Kf2 f6 24. Rd1 Kf7 25. b4 Rxc2 26. Rxd5 1-0

[Event "FICGS W-ch final email"]
[Site "FICGS email"]
[Date "2012.01.02"]
[Round "1"]
[White "Hase, Pavel"]
[Black "Archer, J Robert"]
[Result "1/2-1/2"]
[WhiteElo "2332"]
[BlackElo "2307"]
[PlyCount "49"]
[EventDate "2012.??.??"]
[EventType "tourn (corr)"]
[EventRounds "6"]
[EventCategory "5"]
[SourceTitle "Corr 2022"]
[Source "ChessBase"]
[SourceDate "2021.10.24"]
[SourceVersion "1"]
[SourceVersionDate "2021.10.24"]
[SourceQuality "1"]

1. d4 Nf6 2. c4 e6 3. Nc3 Bb4 4. Nf3 b6 5. e3 Bb7 6. Bd3 Ne4 7. Qc2 f5 8. 0-0 Nxc3 9. bxc3 Bxf3 10. gxf3 Bd6 11. e4 Qh4 12. e5 Be7 13. Kh1 Nc6 14. Rg1 g5 15. Qe2 Rg8 16. Rb1 Rg6 17. Rg2 Qh5 18. f4 Qxe2 19. Bxe2 g4 20. Rg1 Bf8 21. a4 Rh6 22. Be3 Ne7 23. f3 g3 24. Rxg3 Ng6 25. c5 1/2-1/2

[Event "FICGS W-ch final email"]
[Site "FICGS email"]
[Date "2012.01.02"]
[Round "1"]
[White "Hase, Pavel"]
[Black "Fric, Lubos"]
[Result "1/2-1/2"]
[WhiteElo "2332"]
[BlackElo "2220"]
[PlyCount "65"]
[EventDate "2012.??.??"]
[EventType "tourn (corr)"]
[EventRounds "6"]
[EventCategory "5"]
[SourceTitle "Corr 2022"]
[Source "ChessBase"]
[SourceDate "2021.10.24"]
[SourceVersion "1"]
[SourceVersionDate "2021.10.24"]
[SourceQuality "1"]

1. e4 c5 2. Nf3 d6 3. d4 cxd4 4. Nxd4 Nf6 5. Nc3 a6 6. Bg5 e6 7. Qd2 h6 8. Bxf6 Qxf6 9. 0-0-0 Nc6 10. Nb3 Qd8 11. Kb1 Bd7 12. f4 Qc7 13. a3 Be7 14. Be2 b5 15. Rhf1 0-0 16. f5 Ne5 17. f6 Bxf6 18. Rxf6 gxf6 19. Qxh6 Rfc8 20. Rd3 Nxd3 21. Bxd3 d5 22. Nd4 Qc5 23. exd5 f5 24. Qg5+ Kf8 25. Qf6 exd5 26. Bxf5 Rc6 27. Qh8+ Ke7 28. Qe5+ Be6 29. Nce2 Re8 30. Nf4 Kd7 31. Nxd5 Rcc8 32. Bg4 Re7 33. Qe4 1/2-1/2

[Event "FICGS W-ch final email"]
[Site "FICGS email"]
[Date "2012.01.02"]
[Round "1"]
[White "Van Assche, Jeroen"]
[Black "Hase, Pavel"]
[Result "1/2-1/2"]
[WhiteElo "2522"]
[BlackElo "2332"]
[PlyCount "50"]
[EventDate "2012.??.??"]
[EventType "tourn (corr)"]
[EventRounds "6"]
[EventCategory "5"]
[SourceTitle "Corr 2022"]
[Source "ChessBase"]
[SourceDate "2021.10.24"]
[SourceVersion "1"]
[SourceVersionDate "2021.10.24"]
[SourceQuality "1"]

1. e4 e5 2. Nf3 Nc6 3. Bb5 a6 4. Ba4 Nf6 5. 0-0 Be7 6. Re1 b5 7. Bb3 0-0 8. c3 d6 9. h3 Bb7 10. d4 Re8 11. Ng5 Rf8 12. Nf3 Re8 13. Nbd2 Bf8 14. a3 h6 15. Bc2 Nb8 16. b3 Nbd7 17. Bb2 Nb6 18. a4 bxa4 19. bxa4 a5 20. Bd3 Qc8 21. Qc2 Nfd7 22. Ba3 c5 23. d5 c4 24. Be2 Qc7 25. Nh2 Ba6 1/2-1/2

[Event "FICGS theme 0001 email"]
[Site "FICGS email"]
[Date "2011.12.24"]
[Round "1"]
[White "Hase, Pavel"]
[Black "Pech, Stepan"]
[Result "1-0"]
[WhiteElo "2332"]
[BlackElo "1767"]
[PlyCount "31"]
[EventDate "2011.??.??"]
[EventType "swiss (corr)"]
[EventRounds "1"]
[SourceTitle "Corr 2022"]
[Source "ChessBase"]
[SourceDate "2021.10.24"]
[SourceVersion "1"]
[SourceVersionDate "2021.10.24"]
[SourceQuality "1"]

1. f4 e5 2. fxe5 f6 3. exf6 Nxf6 4. Nf3 Nc6 5. g3 d5 6. Bg2 Bc5 7. d4 Bb6 8. 0-0 0-0 9. c3 h6 10. Bf4 Bf5 11. Nbd2 Qd7 12. Kh1 Rae8 13. a4 Bh3 14. b4 Bxg2+ 15. Kxg2 Ng4 16. a5 1-0